Países por Bandera y Forma #10 - Estadísticas

Estadísticas generales
  • Esta prueba ha sido intentada 21 veces
  • La puntuación promedio es 16 de 16
Estadísticas de respuestas
Imagen Respuesta % Correcto
Andorra
100%
Bolivia
100%
Bután
100%
Camerún
100%
Chipre
100%
Dinamarca
100%
Hungría
100%
Liechtenstein
100%
Mongolia
100%
República del Congo
100%
Tayikistán
100%
Zambia
100%
Guinea
94%
Kuwait
94%
Yibuti
94%
Comoras
89%
No se encontraron pruebas coincidentes
Distribución de puntuación
Porcentaje de gente con cada puntuación
Porcentaje por número respondido
Historial de tus puntuaciones
No has intentado esta prueba.